Central Library OPAC University of Rajshahi

Teaching in America / (Record no. 47266)

MARC details
000 -LEADER
fixed length control field 00882nam a2200277 a 4500
001 - CONTROL NUMBER
control field 47266
003 - CONTROL NUMBER IDENTIFIER
rucl marc code BD-RjUL
005 - DATE AND TIME OF LATEST TRANSACTION
control field 20211209054303.0
008 - FIXED-LENGTH DATA ELEMENTS--GENERAL INFORMATION
fixed length control field 160807s1979 ilua b 001 0 eng
020 ## - INTERNATIONAL STANDARD BOOK NUMBER
International Standard Book Number 0673150569
035 ## - SYSTEM CONTROL NUMBER
System control number (BD-RjUL)47385
040 ## - CATALOGING SOURCE
Original cataloging agency DLC
Transcribing agency DLC
Modifying agency DLC
-- BD-RjUL
Language of cataloging eng
041 ## - LANGUAGE CODE
Language code of text/sound track or separate title eng
082 00 - DEWEY DECIMAL CLASSIFICATION NUMBER
Classification number 371.102
Author mark and year FAT 1979
100 1# - MAIN ENTRY--PERSONAL NAME
Personal name Fain, Stephen M.,
Dates associated with a name 1940-
9 (RLIN) 143879
245 10 - TITLE STATEMENT
Title Teaching in America /
Statement of responsibility, etc. Stephen M. Fain, Robert Shostak, with John F. Dean.
260 ## - PUBLICATION, DISTRIBUTION, ETC. (IMPRINT)
Place of publication, distribution, etc. Glenview, Ill. :
Name of publisher, distributor, etc. Scott, Foresman and Co.,
Date of publication, distribution, etc. c1979.
300 ## - PHYSICAL DESCRIPTION
Pagination 364 p. :
Illustrations ill. ;
Size 24 cm.
504 ## - BIBLIOGRAPHY, ETC. NOTE
Bibliography, etc Includes bibliographical references and index.
650 #0 - SUBJECT ADDED ENTRY--TOPICAL TERM
Topical term or geographic name as entry element Teaching.
9 (RLIN) 143880
Topical term or geographic name as entry element Teacher-student relationships.
9 (RLIN) 143881
700 1# - ADDED ENTRY--PERSONAL NAME
Personal name Shostak, Robert,
Dates associated with a name 1931-
Personal name Dean, John F.,
Dates associated with a name 1926-
942 ## - ADDED ENTRY ELEMENTS (KOHA)
Source of classification or shelving scheme Dewey Decimal Classification
Koha item type Books
Holdings
Lost status Source of classification or shelving scheme Damaged status Not for loan Collection code Permanent Location Current Location Shelving location Date acquired Source of acquisition Total Checkouts Full call number Date last seen Copy number Koha item type
  Dewey Decimal Classification     Non-fiction Central Library, University of Rajshahi Central Library, University of Rajshahi   27/07/1987 N/A   371.102 FAT 1979 07/08/2016 C-2 Books